The Telephone and time management : making it a tool and not a tyrant
| Main Author: | |
|---|---|
| Format: | Book |
| Published: |
California :
Crisp Pub. ,
1988
|
| Subjects: |
MARC
| LEADER | 00000cam a2200000 7i4500 | ||
|---|---|---|---|
| 001 | 0000001280 | ||
| 002 | 000001412 | ||
| 005 | 20000330.0 | ||
| 020 | |a 093196153X | ||
| 090 | 0 | 0 | |a 650.1 |b SCO |
| 100 | 1 | |a Scott, Dru | |
| 245 | 1 | 4 | |a The Telephone and time management : |b making it a tool and not a tyrant |c Dru Scott |
| 260 | |a California : |b Crisp Pub. , |c 1988 | ||
| 300 | |a 71p. ; |c 25cm. | ||
| 650 | 0 | 0 | |a Time management |
| 999 | |a 032668 |b BUKU |c PINJAMAN |e PERPUSTAKAAN KOMUNITI PETALING JAYA | ||